000
00270nam a22000977a 4500
008
160511b xxu||||| |||| 00| 0 eng d
041
_a
eng
080
_a
61
245
_a
Clinics in sports medicine / REVIST:
_c
A.F.H. Renstrom M.D.; Wayne B.Leadbetter M.D.;
942
_2
udc
_c
BK
999
_c
2044
_d
2044